Czarno-białe flagi państw #1 - Statystyki

Ogólne statystyki
  • Ten quiz został rozwiązany 583 razy
  • Średni wynik to 10 z 16
Statystyki odpowiedzi
Obrazkowy Odpowiedź % Poprawnych
Wielka Brytania
99%
Francja
97%
Indie
79%
Albania
78%
Austria
74%
Kiribati
69%
Etiopia
63%
Słowenia
63%
Mozambik
58%
Mikronezja
53%
Włochy
52%
Gwatemala
50%
Bułgaria
40%
Litwa
33%
Mali
29%
Rumunia
27%
Nie znaleziono quizów pasujących do podanych kryteriów
Rozkład punktacji
Procent ludzi z każdym wynikiem
Percentyl według liczby udzielonych odpowiedzi
Twoja historia wyników
Nie rozwiązałeś tego quizu